[Event "Castell de Tona op 2nd"]
[Site "Castell de Tona"]
[Date "2012.12.07"]
[Round "4"]
[White "Baeza Fernandez, Jose Alfonso"]
[Black "Codina Blancafort, Jordi"]
[Result "0-1"]
[WhiteElo "1787"]
[BlackElo "1767"]
[PlyCount "42"]
[EventDate "2012.12.06"]
[EventType "swiss"]
[EventRounds "6"]
[EventCountry "ESP"]
[SourceTitle "EXT 2014"]
[Source "ChessBase"]
[SourceDate "2013.11.20"]
[SourceVersion "1"]
[SourceVersionDate "2013.11.20"]
[SourceQuality "1"]

1. e4 e5 2. Nf3 Nc6 3. Bb5 a6 4. Bc4 Nf6 5. d3 Be7 6. Ng5 0-0 7. f4 d6 8. f5 b5 9. Bb3 Bb7 10. c3 Na5 11. Bxf7+ Rxf7 12. Nxf7 Kxf7 13. 0-0 Kg8 14. a4 c6 15. b4 Nc4 16. dxc4 bxc4 17. Qe2 d5 18. Re1 Qc7 19. Bg5 Nxe4 20. Bxe7 Qxe7 21. Nd2 Nxc3 0-1

[Event "Castell de Tona op 2nd"]
[Site "Castell de Tona"]
[Date "2012.12.07"]
[Round "3"]
[White "Bosch Ricart, Joan"]
[Black "Baeza Fernandez, Jose Alfonso"]
[Result "1-0"]
[WhiteElo "1881"]
[BlackElo "1787"]
[PlyCount "63"]
[EventDate "2012.12.06"]
[EventType "swiss"]
[EventRounds "6"]
[EventCountry "ESP"]
[SourceTitle "EXT 2014"]
[Source "ChessBase"]
[SourceDate "2013.11.20"]
[SourceVersion "1"]
[SourceVersionDate "2013.11.20"]
[SourceQuality "1"]

1. d4 Nf6 2. c4 e6 3. Nc3 Bb4 4. a3 Be7 5. e4 0-0 6. Bd3 c5 7. e5 Ne8 8. d5 d6 9. Nf3 exd5 10. Nxd5 Bg4 11. Qc2 h6 12. Be4 Nc6 13. Nxe7+ Qxe7 14. Be3 Bxf3 15. gxf3 Nxe5 16. 0-0-0 Nf6 17. Rhg1 Kh8 18. Rg2 Rg8 19. Rdg1 Qe6 20. b3 a6 21. Qd2 Nxe4 22. fxe4 Nf3 23. Qd3 Nxg1 24. Rxg1 Qe5 25. f4 Qa1+ 26. Kc2 Qxa3 27. f5 Qa2+ 28. Kc3 Qxh2 29. Qf1 b5 30. Rh1 b4+ 31. Kd3 Qe5 32. Bxh6 1-0

[Event "Vic op 31st"]
[Site "Vic"]
[Date "2011.12.13"]
[Round "7"]
[White "Vila Vila, Ricard"]
[Black "Baeza Fernandez, Jose Alfonso"]
[Result "1-0"]
[WhiteElo "1860"]
[BlackElo "1798"]
[PlyCount "41"]
[EventDate "2011.10.18"]
[EventType "swiss"]
[EventRounds "8"]
[EventCountry "ESP"]
[SourceTitle "EXT 2013"]
[Source "ChessBase"]
[SourceDate "2012.11.22"]
[SourceVersion "1"]
[SourceVersionDate "2012.11.22"]
[SourceQuality "1"]

1. b4 e6 2. Bb2 b6 3. e3 Nc6 4. b5 Nce7 5. Be2 Bb7 6. Bf3 Qc8 7. Bxb7 Qxb7 8. Nf3 Nf6 9. d3 0-0-0 10. a4 Kb8 11. c4 d5 12. Nbd2 Nc8 13. Bc3 Nd7 14. a5 Nc5 15. 0-0 Nxd3 16. Qb1 dxc4 17. Nxc4 Bc5 18. Nce5 Nxe5 19. Nxe5 Rd5 20. Nc6+ Ka8 21. a6 1-0

[Event "Barcelona Tona op 1st"]
[Site "Barcelona"]
[Date "2011.12.05"]
[Round "2"]
[White "Baeza Fernandez, Jose Alfonso"]
[Black "Farre Rovireta, Lluis"]
[Result "0-1"]
[WhiteElo "1798"]
[BlackElo "1863"]
[PlyCount "76"]
[EventDate "2011.12.05"]
[EventType "swiss"]
[EventRounds "8"]
[EventCountry "ESP"]
[SourceTitle "CBM 145 Extra"]
[Source "ChessBase"]
[SourceDate "2012.01.03"]
[SourceVersion "1"]
[SourceVersionDate "2012.01.03"]
[SourceQuality "1"]

1. b3 e5 2. Bb2 d6 3. Nf3 Nf6 4. e3 Be7 5. d4 e4 6. Nfd2 d5 7. Nc3 c6 8. Qe2 0-0 9. f3 exf3 10. gxf3 b6 11. 0-0-0 a5 12. Rg1 b5 13. Qg2 Ne8 14. a4 b4 15. Ne2 g6 16. e4 Ng7 17. e5 Nf5 18. Ng3 Ne3 19. Qe2 Nxd1 20. Qxd1 Bg5 21. Kb1 Be3 22. Rg2 Bh3 23. Re2 Bxf1 24. Qxf1 Bf4 25. Bc1 Qh4 26. e6 f5 27. e7 Re8 28. Qe1 Ra7 29. Nxf5 Qxe1 30. Rxe1 gxf5 31. c4 bxc3 32. Nf1 Bxc1 33. Rxc1 Raxe7 34. Ng3 Re3 35. Kc2 Rxf3 36. Rg1 Kf8 37. Nh5 Re2+ 38. Kd1 Rxh2 0-1

[Event "Barcelona Tona op 1st"]
[Site "Barcelona"]
[Date "2011.12.05"]
[Round "1"]
[White "Recoder Creus, Jordi"]
[Black "Baeza Fernandez, Jose Alfonso"]
[Result "1-0"]
[WhiteElo "2096"]
[BlackElo "1798"]
[PlyCount "77"]
[EventDate "2011.12.05"]
[EventType "swiss"]
[EventRounds "8"]
[EventCountry "ESP"]
[SourceTitle "CBM 145 Extra"]
[Source "ChessBase"]
[SourceDate "2012.01.03"]
[SourceVersion "1"]
[SourceVersionDate "2012.01.03"]
[SourceQuality "1"]

1. e4 Nc6 2. Bc4 e6 3. d4 b6 4. Nc3 Bb4 5. Nf3 Na5 6. Bd3 Bb7 7. Qe2 Nc6 8. 0-0 Nf6 9. a3 Be7 10. Nd1 d5 11. e5 Ng4 12. h3 Nh6 13. c3 Qd7 14. b4 0-0-0 15. a4 f6 16. a5 fxe5 17. dxe5 Nf5 18. axb6 cxb6 19. Bb5 Kb8 20. Ne3 Nxe3 21. Bxe3 Qc7 22. Bxc6 Bxc6 23. Nd4 Bd7 24. Qa2 Rhf8 25. Rfc1 Qb7 26. c4 Bxb4 27. cxd5 exd5 28. e6 Be8 29. Qb1 Qe7 30. Qxh7 Bc5 31. Nf5 Rxf5 32. Qxf5 d4 33. Bf4+ Kb7 34. Bg5 Qd6 35. Bxd8 Qxd8 36. Rxc5 bxc5 37. Qxc5 d3 38. e7 Qd7 39. Rxa7+ 1-0

[Event "Vic op 31st"]
[Site "Vic"]
[Date "2011.11.29"]
[Round "6"]
[White "Baeza Fernandez, Jose Alfonso"]
[Black "Oms Bruguera, Arnau"]
[Result "0-1"]
[WhiteElo "1798"]
[BlackElo "1787"]
[PlyCount "248"]
[EventDate "2011.10.18"]
[EventType "swiss"]
[EventRounds "8"]
[EventCountry "ESP"]
[SourceTitle "EXT 2013"]
[Source "ChessBase"]
[SourceDate "2012.11.22"]
[SourceVersion "1"]
[SourceVersionDate "2012.11.22"]
[SourceQuality "1"]

1. e4 c5 2. b3 d6 3. Nf3 Nc6 4. Bb5 Bd7 5. 0-0 Nf6 6. d3 a6 7. Bxc6 Bxc6 8. Bb2 e6 9. Nbd2 b5 10. c4 Be7 11. h3 0-0 12. Nh2 d5 13. e5 Nd7 14. Qh5 d4 15. Ndf3 Qc7 16. Rae1 Rae8 17. Bc1 f6 18. Qg4 Bd8 19. Bh6 Rf7 20. Qg3 Kh8 21. Bf4 f5 22. Bg5 Nf8 23. h4 h6 24. Bd2 b4 25. Re2 a5 26. Ra1 Be7 27. h5 a4 28. Nh4 Bxh4 29. Qxh4 a3 30. f4 Qe7 31. Qg3 Nh7 32. Nf3 Bxf3 33. Qxf3 Qb7 34. Kf2 Qxf3+ 35. gxf3 Rg8 36. Rh1 Nf8 37. Kf1 Kh7 38. Be1 Kh8 39. Rg2 Rd7 40. Bh4 Kh7 41. Rhg1 Rf7 42. Bf6 Nd7 43. Bh4 Kh8 44. Rg6 Nf8 45. R6g2 Nd7 46. Rg6 Nf8 47. R6g3 Nd7 48. Ke2 Kh7 49. Kd2 Kh8 50. R1g2 Kh7 51. Rg6 Nf8 52. R6g3 Nd7 53. Rg1 Kh8 54. R3g2 Kh7 55. Bf2 Nf8 56. Bg3 Nd7 57. Bh4 Kh8 58. Rg6 Nf8 59. R6g2 Nd7 60. Rg3 Kh7 61. R1g2 Kh8 62. Re2 Kh7 63. Rg6 Nf8 64. Rg1 Nd7 65. Reg2 Kh8 66. Re1 Kh7 67. Rg3 Kh8 68. Reg1 Kh7 69. Rg6 Nf8 70. R6g2 Nd7 71. Ke2 Kh8 72. Kf2 Kh7 73. Kg3 Kh8 74. Kh3 Kh7 75. Rg3 Nf8 76. R1g2 Kh8 77. Bf6 Nd7 78. Rg6 Nxf6 79. exf6 Rxf6 80. Re2 Kh7 81. Rxe6 Rxe6 82. Rxe6 Rc8 83. Re5 g6 84. Re7+ Kh8 85. hxg6 Rc6 86. Rh7+ Kg8 87. Rxh6 Kg7 88. Rh5 Kxg6 89. Rg5+ Kf6 90. Rh5 Rc7 91. Rh6+ Kg7 92. Re6 Rc8 93. Kh4 Kf7 94. Re5 Kf6 95. Kg3 Rg8+ 96. Kf2 Rc8 97. Rd5 Rc6 98. Rd8 Kg6 99. Kg3 Kf6 100. Kh4 Kg6 101. Rg8+ Kf7 102. Rg5 Rf6 103. Kh5 Kf8 104. Rg6 Kf7 105. Rg1 Re6 106. Rg5 Rf6 107. Rg1 Re6 108. Rg2 Re8 109. Kh4 Rh8+ 110. Kg3 Rg8+ 111. Kf2 Re8 112. Rg5 Kf6 113. Rh5 Kg6 114. Rg5+ Kf6 115. Rh5 Kg6 116. Rg5+ Kf6 117. Rh5 Re3 118. Rh6+ Ke7 119. Rc6 Rxd3 120. Rxc5 Rd2+ 121. Kg3 Rxa2 122. Rxf5 Rb2 123. Re5+ Kd6 124. Rd5+ Kc6 0-1

[Event "Vic op 31st"]
[Site "Vic"]
[Date "2011.11.22"]
[Round "5"]
[White "Escudero Fernandez, Jesualdo"]
[Black "Baeza Fernandez, Jose Alfonso"]
[Result "0-1"]
[WhiteElo "1711"]
[BlackElo "1798"]
[PlyCount "66"]
[EventDate "2011.10.18"]
[EventType "swiss"]
[EventRounds "8"]
[EventCountry "ESP"]
[SourceTitle "EXT 2013"]
[Source "ChessBase"]
[SourceDate "2012.11.22"]
[SourceVersion "1"]
[SourceVersionDate "2012.11.22"]
[SourceQuality "1"]

1. d4 d5 2. c4 Nf6 3. Nf3 Bg4 4. e3 e6 5. a3 Bd6 6. Be2 b6 7. 0-0 Nbd7 8. h3 Bf5 9. Nc3 a6 10. cxd5 exd5 11. Re1 0-0 12. Nd2 c6 13. Nf3 Re8 14. Bd2 Nf8 15. Qb3 Bc7 16. Na2 a5 17. Nh4 Be6 18. Qc3 Qd7 19. Nf3 Ne4 20. Qd3 Ng6 21. Nc3 Bxh3 22. Bf1 Bf5 23. Qe2 Qd6 24. g3 Bg4 25. Bg2 Re6 26. Qf1 Bxf3 27. Bh3 Nxd2 28. Qd3 Nb3 29. Ne2 Nxa1 30. Bxe6 Qxe6 31. Rxa1 Qh3 32. Nf4 Nxf4 33. Qf1 Ne2+ 0-1

[Event "Vic op 31st"]
[Site "Vic"]
[Date "2011.11.15"]
[Round "4"]
[White "Baeza Fernandez, Jose Alfonso"]
[Black "Puigvert Vigo, Lluis"]
[Result "0-1"]
[WhiteElo "1798"]
[BlackElo "1504"]
[PlyCount "116"]
[EventDate "2011.10.18"]
[EventType "swiss"]
[EventRounds "8"]
[EventCountry "ESP"]
[SourceTitle "EXT 2013"]
[Source "ChessBase"]
[SourceDate "2012.11.22"]
[SourceVersion "1"]
[SourceVersionDate "2012.11.22"]
[SourceQuality "1"]

1. e4 d5 2. Nc3 d4 3. Nce2 e5 4. Nf3 Nc6 5. Ng3 Bg4 6. h3 Bd7 7. Bc4 Nf6 8. Ng5 Be6 9. Nxe6 fxe6 10. Bxe6 Qe7 11. Bc4 0-0-0 12. d3 g6 13. Bg5 h6 14. Bh4 g5 15. Nf5 Qb4+ 16. c3 dxc3 17. 0-0 cxb2 18. Rb1 gxh4 19. Nxh4 Nd4 20. Ng6 Rh7 21. Nxe5 Bd6 22. Ng4 Nh5 23. e5 Be7 24. Ne3 Ng7 25. Nd5 Qc5 26. Nxe7+ Qxe7 27. Qa4 Nc6 28. Bb5 Rd4 29. Qc2 Na5 30. Qxb2 Qxe5 31. Qc3 b6 32. Ba6+ Kd8 33. Rfe1 Qd6 34. Re3 Nf5 35. Rf3 Rd5 36. Re1 Nd4 37. Rfe3 c5 38. Re8+ Kc7 39. Qd2 Nac6 40. Qe3 Nc2 41. Qe4 Rg7 42. Re2 N2d4 43. Re3 Ne5 44. Rxe5 Rxe5 45. Qxe5 Qxe5 46. Rxe5 Nf3+ 47. Kf1 Nxe5 48. g4 h5 49. gxh5 Rh7 50. f4 Nd7 51. Kg2 Rxh5 52. Kg3 Nf6 53. Bc4 Kd6 54. Bf7 Rh7 55. Bg6 Rg7 56. f5 Ke5 57. h4 b5 58. h5 Nxh5+ 0-1